[Event "HUN-chT2 Szechenyi 0203"]
[Site "Hungary"]
[Date "2003.04.13"]
[Round "11"]
[White "Schleinig, Pal"]
[Black "Szakacs, Daniel"]
[Result "1/2-1/2"]
[WhiteElo "2023"]
[BlackElo "2040"]
[PlyCount "24"]
[EventDate "2002.09.22"]
[EventType "team-tourn"]
[EventRounds "11"]
[EventCountry "HUN"]
[SourceTitle "EXT 2009"]
[Source "ChessBase"]
[SourceDate "2008.11.26"]
[SourceVersion "1"]
[SourceVersionDate "2008.11.26"]
[SourceQuality "1"]

1. e4 e6 2. d4 d5 3. exd5 exd5 4. Bd3 c5 5. dxc5 Bxc5 6. Nf3 Nf6 7. 0-0 0-0 8. Nc3 Be6 9. Bg5 h6 10. Bh4 Be7 11. Re1 Nc6 12. a3 a6 1/2-1/2

[Event "HUN-chT2 Szechenyi 0203"]
[Site "Hungary"]
[Date "2003.03.23"]
[Round "9"]
[White "Balogh, Mate"]
[Black "Szakacs, Daniel"]
[Result "0-1"]
[WhiteElo "1974"]
[BlackElo "2040"]
[PlyCount "62"]
[EventDate "2002.09.22"]
[EventType "team-tourn"]
[EventRounds "11"]
[EventCountry "HUN"]
[SourceTitle "EXT 2009"]
[Source "ChessBase"]
[SourceDate "2008.11.26"]
[SourceVersion "1"]
[SourceVersionDate "2008.11.26"]
[SourceQuality "1"]

1. Nf3 Nf6 2. d4 g6 3. c3 Bg7 4. Qc2 0-0 5. e4 d6 6. Bd3 Nbd7 7. Bg5 h6 8. Bd2 e5 9. Na3 Re8 10. 0-0-0 d5 11. dxe5 dxe4 12. Bxe4 Nxe4 13. Qxe4 Nxe5 14. Bg5 Bf5 15. Rxd8 Bxe4 16. Nxe5 Raxd8 17. Bxd8 Bxe5 18. Bh4 Bf4+ 19. Kd1 Bxg2 20. Rg1 Bf3+ 21. Kc2 Bxh2 22. Rg3 Bxg3 23. Bxg3 c6 24. Nc4 g5 25. Nd6 Re7 26. Kd3 f5 27. Nc8 Be4+ 28. Kd4 Rd7+ 29. Bd6 Rd8 30. Ne7+ Kf7 31. Kc5 Re8 0-1